000
00326nam a22001457a 4500
003
SGT
020
_a
812410137X
082
_a
070
_b
T93C
100
_a
CHERIAN, V.K.
245
_a
THE SCAM AND RAJAS OF THE MONEY MARKET
260
_b
HAR- ANAND PUBLICATIONS
_c
1993
300
_a
144
650
_a
JOURNALISM
942
_2
ddc
_c
BK
999
_c
28612
_d
28612